[Event "GBR-ch"]
[Site "Scarborough"]
[Date "2001.08.06"]
[Round "7"]
[White "Rudd, Jack"]
[Black "Stephenson, Norman"]
[Result "1-0"]
[WhiteElo "2193"]
[BlackElo "2246"]
[PlyCount "73"]
[EventDate "2001.07.30"]

1. Nc3 d5 2. e4 d4 3. Nce2 e5 4. f4 Nc6 5. Nf3 Bg4 6. Nxe5 Nxe5 7. fxe5 Qe7 8.
d3 Qxe5 9. h3 Bxe2 10. Bxe2 Bd6 11. Bf3 Ne7 12. Qe2 Bb4+ 13. Kf2 Bd6 14. Bd2
O-O 15. Rae1 Rae8 16. Rhg1 Nf5 17. exf5 Qg3+ 18. Kf1 Rxe2 19. Rxe2 Bf4 20. Be1
Qg5 21. g4 Be3 22. Rh1 g6 23. h4 Qf4 24. Kg2 Qd6 25. fxg6 fxg6 26. Rf1 b6 27.
Bg3 Qd7 28. g5 c5 29. c4 Rf5 30. Ree1 Kg7 31. Bg4 Qc6+ 32. Kh2 Rf7 33. Rxf7+
Kxf7 34. Rf1+ Ke8 35. Rf6 Qb7 36. Bd6 Qg7 37. Bf3 1-0

[Event "GBR-ch"]
[Site "Scarborough"]
[Date "2001.08.06"]
[Round "7"]
[White "Rutherford, Elaine"]
[Black "Briggs, Philip"]
[Result "0-1"]
[WhiteElo "2117"]
[BlackElo "2200"]
[PlyCount "60"]
[EventDate "2001.07.30"]

1. e4 e5 2. Bc4 Nf6 3. Nf3 Nxe4 4. d3 Nf6 5. Qe2 d5 6. Bb3 Be7 7. Nxe5 O-O 8.
O-O Nc6 9. Nxc6 bxc6 10. Bg5 Re8 11. Nc3 Bg4 12. Qd2 h6 13. Bh4 Bb4 14. Qf4
Bxc3 15. bxc3 g5 16. Bxg5 hxg5 17. Qxg5+ Kh7 18. Rfe1 Qd6 19. Re3 Rxe3 20. fxe3
Rg8 21. Qh4+ Nh5 22. h3 Be2 23. g4 Qe5 24. Qf2 Bxg4 25. hxg4 Rxg4+ 26. Kf1 Ng3+
27. Ke1 Qxc3+ 28. Kd1 Qxa1+ 29. Kd2 Qg7 30. Qf3 Nh5 0-1

[Event "GBR-ch"]
[Site "Scarborough"]
[Date "2001.08.06"]
[Round "7"]
[White "Oswald, Graeme"]
[Black "Moore, Gerald"]
[Result "1/2-1/2"]
[WhiteElo "2195"]
[BlackElo "2194"]
[PlyCount "148"]
[EventDate "2001.07.30"]

1. g3 e5 2. Bg2 d6 3. c4 g6 4. Nc3 Bg7 5. e3 Nf6 6. Nge2 O-O 7. O-O Re8 8. d3
Nbd7 9. Rb1 Nf8 10. b4 h5 11. Bd2 N8h7 12. f4 h4 13. e4 hxg3 14. Nxg3 exf4 15.
Rxf4 Ng5 16. Nce2 Ne6 17. Rf1 Ng4 18. Qc1 Qh4 19. h3 Ne5 20. Rb3 Nc6 21. Kh2
Ncd4 22. Nxd4 Nxd4 23. Bg5 Qxg3+ 24. Kxg3 Ne2+ 25. Kf2 Nxc1 26. Bxc1 Bd4+ 27.
Be3 Bxe3+ 28. Kxe3 Kg7 29. h4 Rh8 30. Rh1 Be6 31. Ra3 c6 32. Kf4 f6 33. Bf3 a6
34. c5 Rad8 35. h5 g5+ 36. Kg3 f5 37. exf5 Bxf5 38. Be4 Bxe4 39. dxe4 d5 40. e5
d4 41. Kg4 Rhe8 42. h6+ Kh7 43. Kxg5 Rxe5+ 44. Kf6 Re2 45. Rd1 Rf8+ 46. Kg5
Rg2+ 47. Kh4 Rf4+ 48. Kh3 Rgg4 49. Rg3 Rh4+ 50. Kg2 Kxh6 51. Re1 Rhg4 52. Rxg4
Rxg4+ 53. Kf3 Rh4 54. Re4 Rh2 55. Rxd4 Rxa2 56. Rd7 a5 57. Rxb7 axb4 58. Rb6
Rc2 59. Rxc6+ Kg7 60. Ke4 Kf7 61. Kd5 b3 62. Rb6 b2 63. Kd6 Rd2+ 64. Kc7 Ke7
65. c6 Rc2 66. Rb3 Ke6 67. Rb5 Ke7 68. Kb7 Kd8 69. Rb3 Ke7 70. c7 Kd7 71. Rd3+
Ke7 72. Rb3 Kd7 73. Rd3+ Ke7 74. Rb3 Kd7 1/2-1/2

[Event "GBR-ch"]
[Site "Scarborough"]
[Date "2001.08.06"]
[Round "7"]
[White "Jackson, Adrian"]
[Black "Waddington, Michael"]
[Result "1-0"]
[WhiteElo "2230"]
[BlackElo "2353"]
[PlyCount "113"]
[EventDate "2001.07.30"]

1. e4 e6 2. d4 d5 3. Nc3 dxe4 4. Nxe4 Bd7 5. Nf3 Bc6 6. Bd3 Nd7 7. O-O Ngf6 8.
Ned2 Bxf3 9. Nxf3 Bd6 10. Re1 c6 11. Ne5 Qc7 12. Qe2 O-O 13. h3 c5 14. Nxd7
Qxd7 15. Bg5 Qe7 16. dxc5 Bxc5 17. c3 b6 18. Rad1 Rad8 19. Bb1 h6 20. Bh4 Rxd1
21. Rxd1 Rd8 22. Rxd8+ Qxd8 23. Qd3 Be7 24. Qxd8+ Bxd8 25. Bg3 Kf8 26. Bd6+ Ke8
27. Kf1 Be7 28. Bb8 Kd7 29. Bc2 a5 30. Ba4+ Kd8 31. Be5 g6 32. Ke2 Nd7 33. Bf4
g5 34. Be3 Nc5 35. Bc2 Kc7 36. Bd4 f6 37. b4 axb4 38. cxb4 Nb7 39. g3 Nd6 40.
Bd3 e5 41. Bb2 Kc6 42. Bh7 Bd8 43. a4 Be7 44. Bc3 Bd8 45. Kd3 Kd5 46. f3 Kc6
47. Be4+ Kc7 48. g4 Ne8 49. Kc4 Nd6+ 50. Kd5 Kd7 51. Bd3 Bc7 52. a5 bxa5 53.
bxa5 Bb8 54. Bb4 Nc8 55. Bf5+ Kc7 56. Bxc8 Kxc8 57. Ke6 1-0

[Event "GBR-ch"]
[Site "Scarborough"]
[Date "2001.08.06"]
[Round "7"]
[White "Snape, Ian L"]
[Black "Steadman, Michael"]
[Result "1-0"]
[WhiteElo "2160"]
[BlackElo "2090"]
[PlyCount "41"]
[EventDate "2001.07.30"]

1. c4 e6 2. e4 e5 3. Nf3 Nc6 4. a3 a5 5. d4 exd4 6. Nxd4 Bc5 7. Be3 Qf6 8. Nc2
Bxe3 9. Nxe3 Qxb2 10. Nd5 Nd4 11. Bd3 Ne6 12. Nbc3 a4 13. Bc2 Nd4 14. Qxd4
Qxa1+ 15. Bd1 Kf8 16. Nxc7 Ra5 17. Qd6+ Ne7 18. N3d5 g6 19. O-O Kg7 20. Qxe7
Qd4 21. Ne8+ 1-0

[Event "GBR-ch"]
[Site "Scarborough"]
[Date "2001.08.06"]
[Round "7"]
[White "Rumens, David"]
[Black "Kennedy, John"]
[Result "1-0"]
[WhiteElo "2255"]
[BlackElo "2042"]
[PlyCount "53"]
[EventDate "2001.07.30"]

1. e4 c5 2. Nc3 Nc6 3. f4 g6 4. Nf3 Bg7 5. Bb5 Nd4 6. Bd3 a6 7. O-O b5 8. Nxd4
Bxd4+ 9. Kh1 c4 10. Be2 Bb7 11. Bf3 e5 12. d3 Rc8 13. Qe1 Qe7 14. Bd2 cxd3 15.
cxd3 Nf6 16. a4 Bc6 17. axb5 Bxb5 18. Nxb5 axb5 19. Bb4 d6 20. Ra6 Rd8 21. Ba5
Rb8 22. fxe5 Bxe5 23. Qe3 h5 24. Ra7 Nd7 25. d4 Bf6 26. e5 Rc8 27. Bc6 1-0

[Event "GBR-ch"]
[Site "Scarborough"]
[Date "2001.08.06"]
[Round "7"]
[White "Trent, Lawrence"]
[Black "Willmoth, Robert"]
[Result "1-0"]
[WhiteElo "2249"]
[BlackElo "2239"]
[PlyCount "67"]
[EventDate "2001.07.30"]

1. e4 g6 2. Nc3 Bg7 3. d4 d6 4. f4 Nf6 5. Nf3 O-O 6. Bd3 Na6 7. e5 Nd7 8. Qe2
c5 9. Be3 Nb4 10. dxc5 dxe5 11. fxe5 Qa5 12. Bc4 Nxc5 13. O-O Ne6 14. a3 Nc6
15. Nd5 Qd8 16. Rad1 Qe8 17. Qf2 Kh8 18. Qh4 f6 19. exf6 exf6 20. Bd2 g5 21.
Qg3 Qg6 22. Bc3 f5 23. Ne5 Qh5 24. Nxc6 f4 25. Qd3 bxc6 26. Ne7 Qe8 27. Nf5 Bf6
28. Bxf6+ Rxf6 29. Qc3 Qf8 30. Rd6 Kg8 31. Rfd1 Kf7 32. Qe5 Kg6 33. Bxe6 Bxe6
34. Rxe6 1-0

[Event "GBR-ch"]
[Site "Scarborough"]
[Date "2001.08.06"]
[Round "7"]
[White "Ledger, Stephen"]
[Black "McDonnell, James J"]
[Result "1/2-1/2"]
[WhiteElo "2196"]
[BlackElo "2047"]
[PlyCount "136"]
[EventDate "2001.07.30"]

1. d4 d5 2. Nf3 Nf6 3. Bf4 c5 4. c3 Nc6 5. e3 Qb6 6. Qb3 c4 7. Qc2 Bf5 8. Qc1
h6 9. h3 e6 10. Nbd2 Be7 11. Be2 Rc8 12. O-O O-O 13. Re1 Rfd8 14. g4 Bg6 15.
Bf1 Ne4 16. Nxe4 Bxe4 17. Nd2 Bg6 18. e4 Rd7 19. Bg2 Qd8 20. exd5 exd5 21. Nf1
Bg5 22. Bxg5 hxg5 23. f4 gxf4 24. Qxf4 f6 25. Re3 Qc7 26. Qxc7 Rcxc7 27. Rae1
Bf7 28. Kf2 Re7 29. Rxe7 Rxe7 30. Ne3 Rd7 31. Rf1 Ne7 32. Kg3 Rd6 33. h4 Rb6
34. Rf2 Rd6 35. h5 Ra6 36. a3 Rd6 37. Kf4 g5+ 38. hxg6 Nxg6+ 39. Kg3 Ne7 40.
Nf5 Nxf5+ 41. Rxf5 Kg7 42. Rf2 Kg6 43. Kf4 Be6 44. Re2 Rb6 45. Bf3 Bf7 46. Rg2
Rd6 47. g5 Rb6 48. gxf6+ Kxf6 49. Rh2 Kg7 50. Bg4 Rf6+ 51. Ke5 Rb6 52. Bf5 Kg8
53. Bc8 Kg7 54. a4 a5 55. Rf2 Bg8 56. Bd7 Bf7 57. Bg4 Bg8 58. Rg2 Kf8 59. Bf3
Re6+ 60. Kf5 Rb6 61. Re2 Bf7 62. Bg4 Bg8 63. Bh5 Bh7+ 64. Ke5 Bg8 65. Rf2+ Ke7
66. Bg4 Bf7 67. Rh2 Bg8 68. Bf5 Kf8 1/2-1/2

[Event "GBR-ch"]
[Site "Scarborough"]
[Date "2001.08.07"]
[Round "8"]
[White "Wells, Peter"]
[Black "Shaw, John K"]
[Result "1/2-1/2"]
[WhiteElo "2510"]
[BlackElo "2478"]
[PlyCount "39"]
[EventDate "2001.07.30"]

1. e4 c5 2. Nf3 Nc6 3. Bb5 g6 4. O-O Bg7 5. c3 Nf6 6. Qa4 Qb6 7. e5 Nd5 8. d4
cxd4 9. cxd4 d6 10. Nc3 Be6 11. exd6 exd6 12. Ne4 O-O 13. Bxc6 Qxc6 14. Qxc6
bxc6 15. Nxd6 Nb4 16. Bd2 Nc2 17. Rac1 Nxd4 18. Nxd4 Bxd4 19. b3 Bd5 20. Rfd1
1/2-1/2

[Event "GBR-ch"]
[Site "Scarborough"]
[Date "2001.08.07"]
[Round "8"]
[White "Hodgson, Julian M"]
[Black "Summerscale, Aaron"]
[Result "1-0"]
[WhiteElo "2581"]
[BlackElo "2510"]
[PlyCount "103"]
[EventDate "2001.07.30"]

1. c4 c5 2. g3 Nf6 3. Bg2 Nc6 4. Nc3 e6 5. Nf3 d5 6. cxd5 Nxd5 7. d4 Be7 8. O-O
O-O 9. Rb1 Bf6 10. Nxd5 Qxd5 11. dxc5 Qxc5 12. Be3 Qe7 13. Qc1 Rd8 14. Bc5 Qe8
15. b4 b6 16. b5 Na5 17. Bb4 Bb7 18. Bxa5 bxa5 19. Qe3 Qe7 20. Rfc1 h6 21. h4
Bd5 22. Ne5 Bxg2 23. Kxg2 Bxe5 24. Qxe5 Qb7+ 25. Rc6 a6 26. e4 axb5 27. Rc7 Qb6
28. Rxb5 Qd4 29. Qf4 Rd7 30. Rxd7 Qxd7 31. a4 Qd4 32. e5 Qxf4 33. gxf4 h5 34.
Kf3 Rc8 35. Rxa5 Rc3+ 36. Ke4 Rc4+ 37. Ke3 Kh7 38. Ra7 Kg6 39. a5 Ra4 40. a6
Ra3+ 41. Kd4 Ra4+ 42. Kc5 Rxf4 43. Rc7 Rxf2 44. a7 Ra2 45. Kb6 Kf5 46. Rxf7+
Kxe5 47. Kb7 Kd4 48. Rd7+ Kc4 49. a8=Q Rxa8 50. Kxa8 e5 51. Rxg7 e4 52. Rh7 1-0

[Event "GBR-ch"]
[Site "Scarborough"]
[Date "2001.08.07"]
[Round "8"]
[White "Chandler, Murray"]
[Black "Gallagher, Joseph G"]
[Result "0-1"]
[WhiteElo "2540"]
[BlackElo "2516"]
[PlyCount "98"]
[EventDate "2001.07.30"]

1. e4 c5 2. Nf3 d6 3. Bb5+ Nd7 4. d4 Ngf6 5. Nc3 cxd4 6. Qxd4 e5 7. Qd3 h6 8.
Be3 Be7 9. Bc4 a6 10. a4 Qc7 11. O-O Nc5 12. Bxc5 Qxc5 13. Rab1 Be6 14. Nd2 Rc8
15. Bxe6 fxe6 16. Qh3 Kf7 17. Nb3 Qc7 18. Kh1 g5 19. Rbd1 h5 20. Qd3 Qb6 21.
Qe2 Qb4 22. Rd3 b5 23. axb5 axb5 24. h4 g4 25. f4 Qc4 26. Nd2 Qc5 27. f5 b4 28.
fxe6+ Kxe6 29. Nd5 Nxd5 30. exd5+ Kd7 31. c3 Rhf8 32. Ne4 Qc4 33. Ra1 bxc3 34.
bxc3 Ra8 35. Rb1 Ra2 36. Qe3 Rf4 37. Ng3 Qa6 38. Nxh5 Ra1 39. Rxa1 Qxa1+ 40.
Kh2 g3+ 41. Kxg3 Bxh4+ 42. Kh2 Bf2 43. Qxf4 exf4 44. Nxf4 Qg1+ 45. Kh3 Be3 46.
Ne2 Qh1+ 47. Kg3 Qe1+ 48. Kf3 Qf2+ 49. Ke4 Bh6 0-1

[Event "GBR-ch"]
[Site "Scarborough"]
[Date "2001.08.07"]
[Round "8"]
[White "Ansell, Simon"]
[Black "Emms, John M"]
[Result "1/2-1/2"]
[WhiteElo "2376"]
[BlackElo "2532"]
[PlyCount "29"]
[EventDate "2001.07.30"]

1. e4 c5 2. Nf3 e6 3. d3 Nc6 4. g3 g6 5. Bg2 Bg7 6. O-O Nge7 7. Re1 d6 8. c3
O-O 9. d4 cxd4 10. cxd4 Qb6 11. d5 Nd4 12. Nxd4 Bxd4 13. Be3 Bxe3 14. Rxe3 e5
15. Nd2 1/2-1/2

[Event "GBR-ch"]
[Site "Scarborough"]
[Date "2001.08.07"]
[Round "8"]
[White "Hebden, Mark"]
[Black "Lalic, Bogdan"]
[Result "1/2-1/2"]
[WhiteElo "2550"]
[BlackElo "2528"]
[PlyCount "48"]
[EventDate "2001.07.30"]

1. d4 Nf6 2. Nf3 g6 3. Nc3 d5 4. Bf4 Bg7 5. e3 O-O 6. Be2 c5 7. Ne5 Nc6 8. O-O
Bf5 9. Na4 cxd4 10. Nxc6 bxc6 11. exd4 Nd7 12. c3 Re8 13. Re1 e5 14. Be3 h6 15.
Rc1 g5 16. dxe5 Bxe5 17. Bg4 Qf6 18. h3 Re6 19. Rf1 Bxg4 20. hxg4 Bf4 21. c4
Bxe3 22. fxe3 Qe5 23. cxd5 cxd5 24. Rc3 Rf6 1/2-1/2

[Event "GBR-ch"]
[Site "Scarborough"]
[Date "2001.08.07"]
[Round "8"]
[White "Miles, Tony"]
[Black "Lane, Gary"]
[Result "0-1"]
[WhiteElo "2565"]
[BlackElo "2456"]
[PlyCount "88"]
[EventDate "2001.07.30"]

1. d4 Nf6 2. Nf3 g6 3. c3 Bg7 4. Bg5 O-O 5. Nbd2 d6 6. e4 c5 7. d5 h6 8. Bh4 e6
9. dxe6 Bxe6 10. Bc4 d5 11. exd5 Bxd5 12. O-O Nc6 13. Qc2 Bxc4 14. Nxc4 b5 15.
Rad1 Qc8 16. Ne3 Re8 17. a4 b4 18. Nd2 bxc3 19. bxc3 Qe6 20. Rfe1 Nd5 21. Nxd5
Qxd5 22. Ne4 Qc4 23. f3 f5 24. Nd6 Rxe1+ 25. Bxe1 Qe6 26. Bf2 Rd8 27. Nb5 a6
28. Nc7 Qc4 29. Rxd8+ Nxd8 30. h4 Be5 31. Na8 Ne6 32. Be1 Qf4 33. Kf1 Qh2 34.
Qb3 Qh1+ 35. Ke2 Qxg2+ 36. Bf2 Kf7 37. Qb7+ Kf6 38. Nb6 Nf4+ 39. Ke3 Bd4+ 40.
cxd4 cxd4+ 41. Kxd4 Qxf2+ 42. Kc4 Qc2+ 43. Kb4 Nd3+ 44. Ka5 Qd2+ 0-1

[Event "GBR-ch"]
[Site "Scarborough"]
[Date "2001.08.07"]
[Round "8"]
[White "Arkell, Keith C"]
[Black "Turner, Matthew J"]
[Result "1-0"]
[WhiteElo "2431"]
[BlackElo "2511"]
[PlyCount "85"]
[EventDate "2001.07.30"]

1. d4 d5 2. c4 c6 3. Nf3 Nf6 4. Nc3 dxc4 5. a4 Bf5 6. Nh4 Be6 7. e4 g6 8. Nf3
Bg7 9. Ng5 Qd7 10. Nxe6 Qxe6 11. Qe2 Na6 12. Qxc4 Qxc4 13. Bxc4 Nb4 14. Bb3 Ng4
15. f3 Nh6 16. Ke2 Rd8 17. Rd1 f5 18. Be3 fxe4 19. fxe4 Ng4 20. Bg1 Rf8 21. a5
Na6 22. d5 c5 23. h3 Ne5 24. Rf1 Rf6 25. Ba4+ Kf7 26. Bb5 Rc8 27. Bxa6 bxa6 28.
Na4 Nc4 29. Kd3 Ne5+ 30. Ke2 Nc4 31. Nxc5 Nxb2 32. Rfc1 Rf4 33. Be3 Rh4 34. Bf2
Rh5 35. Ne6 Rc4 36. Rxc4 Nxc4 37. Nxg7 Kxg7 38. Rc1 Nd6 39. Rc7 Kf8 40. Kf3 g5
41. Rxa7 Rh6 42. e5 Nc4 43. Ke4 1-0

[Event "GBR-ch"]
[Site "Scarborough"]
[Date "2001.08.07"]
[Round "8"]
[White "Williams, Simon K"]
[Black "Gormally, Daniel"]
[Result "0-1"]
[WhiteElo "2369"]
[BlackElo "2481"]
[PlyCount "75"]
[EventDate "2001.07.30"]

1. c4 Nf6 2. Nc3 e5 3. Nf3 Nc6 4. d4 exd4 5. Nxd4 Bb4 6. Bg5 O-O 7. Rc1 h6 8.
Bh4 Nxd4 9. Qxd4 g5 10. Bg3 c5 11. Qd6 Re8 12. f3 Re6 13. Qd2 b5 14. e4 bxc4
15. Bxc4 Nxe4 16. fxe4 Rxe4+ 17. Be2 Ba6 18. O-O Rxe2 19. Qd5 Re6 20. Ne4 Bxf1
21. Rxf1 c4 22. Be5 Be7 23. Kh1 Rc8 24. Bc3 Rcc6 25. Qd4 f6 26. Qd5 Kh8 27. h4
Qe8 28. hxg5 hxg5 29. Rf3 Qg6 30. Nxg5 Bd6 31. Ne4 Kg7 32. Rxf6 Rxf6 33. Bxf6+
Kf8 34. Bh4 Qf7 35. Qd1 Qf4 36. Bg3 Qh6+ 37. Kg1 Qe3+ 38. Kh1 0-1

[Event "GBR-ch"]
[Site "Scarborough"]
[Date "2001.08.07"]
[Round "8"]
[White "Knott, Simon JB"]
[Black "Ledger, Andrew"]
[Result "1/2-1/2"]
[WhiteElo "2373"]
[BlackElo "2418"]
[PlyCount "38"]
[EventDate "2001.07.30"]

1. c4 e5 2. Nc3 Nf6 3. Nf3 Nc6 4. d3 g6 5. g3 Bg7 6. Bg2 O-O 7. O-O d6 8. Rb1
a5 9. a3 Nd4 10. b4 axb4 11. axb4 c6 12. b5 Bg4 13. bxc6 bxc6 14. Nxd4 exd4 15.
Ne4 Nxe4 16. Bxe4 Qd7 17. Rb6 d5 18. cxd5 cxd5 19. Bf3 Bxf3 1/2-1/2

[Event "GBR-ch"]
[Site "Scarborough"]
[Date "2001.08.07"]
[Round "8"]
[White "Walker, Martin G"]
[Black "Rowson, Jonathan"]
[Result "0-1"]
[WhiteElo "2109"]
[BlackElo "2514"]
[PlyCount "80"]
[EventDate "2001.07.30"]

1. e4 c5 2. Nf3 d6 3. Bb5+ Nd7 4. d4 Ngf6 5. Nc3 cxd4 6. Qxd4 e5 7. Qd3 h6 8.
Be3 Be7 9. O-O a6 10. Ba4 O-O 11. Rad1 b5 12. Bb3 Bb7 13. a3 Qc7 14. Nh4 Nc5
15. Bxc5 dxc5 16. Nf5 c4 17. Qg3 g6 18. Nd5 Bxd5 19. exd5 Ne4 20. Nxe7+ Qxe7
21. Qe3 Nd6 22. Ba2 Kh7 23. Rfe1 Rae8 24. c3 f5 25. f4 e4 26. b3 cxb3 27. Bxb3
Rc8 28. Qd4 Qc7 29. Re3 Qc5 30. a4 Qxd4 31. cxd4 b4 32. a5 Rfd8 33. Rb1 Nb5 34.
Ba4 Nc3 35. Rxb4 Nxd5 36. Rb7+ Kh8 37. Reb3 e3 38. Rb1 Nc3 39. R1b6 Nxa4 40.
Rxg6 Rc1# 0-1

[Event "GBR-ch"]
[Site "Scarborough"]
[Date "2001.08.07"]
[Round "8"]
[White "Pert, Nicholas"]
[Black "Eames, Robert"]
[Result "1-0"]
[WhiteElo "2475"]
[BlackElo "2333"]
[PlyCount "95"]
[EventDate "2001.07.30"]

1. d4 Nf6 2. Nf3 d5 3. c4 e6 4. Nc3 c6 5. cxd5 exd5 6. Qc2 g6 7. Bg5 Be7 8. e3
Bf5 9. Bd3 Bxd3 10. Qxd3 Nbd7 11. Bh6 Ng4 12. Bf4 O-O 13. h3 Ngf6 14. O-O Nh5
15. Bh2 f5 16. Ne2 g5 17. Ne5 f4 18. exf4 Nxf4 19. Bxf4 gxf4 20. Nxd7 Qxd7 21.
Nxf4 Bd6 22. Ne2 Rae8 23. Rae1 Qf7 24. Qd2 Re4 25. Ng3 Qf4 26. Qxf4 Rexf4 27.
Re6 Bc7 28. Ne2 R4f7 29. g3 Bb6 30. Kg2 Rf6 31. Re5 Kf7 32. f4 Bc7 33. Re3 Re6
34. Rxe6 Kxe6 35. Rf3 Bb6 36. Rb3 Kf5 37. Kf3 Re8 38. Re3 Rb8 39. Re7 h5 40.
g4+ Kf6 41. Rd7 hxg4+ 42. hxg4 Rh8 43. g5+ Ke6 44. Rxb7 Rh3+ 45. Kg4 Rh2 46.
f5+ Kd6 47. Ng3 Bxd4 48. f6 1-0

[Event "GBR-ch"]
[Site "Scarborough"]
[Date "2001.08.07"]
[Round "8"]
[White "Kelly, Brian"]
[Black "Crouch, Colin"]
[Result "1-0"]
[WhiteElo "2458"]
[BlackElo "2407"]
[PlyCount "93"]
[EventDate "2001.07.30"]

1. c4 Nf6 2. Nc3 e6 3. Nf3 Bb4 4. Qc2 b6 5. a3 Bxc3 6. Qxc3 Bb7 7. g3 O-O 8.
Bg2 d6 9. O-O Nbd7 10. b4 Rc8 11. Bb2 c5 12. d3 Rc7 13. Qd2 e5 14. e4 a6 15.
Nh4 b5 16. Nf5 Ne8 17. Rac1 cxb4 18. axb4 Nb6 19. Qe3 Na4 20. Ba1 f6 21. cxb5
axb5 22. d4 Nb6 23. dxe5 Rxc1 24. Rxc1 fxe5 25. Qd3 Nc4 26. Ne3 Qb6 27. Re1 Nc7
28. Bc3 Nxe3 29. Qxe3 Qxe3 30. Rxe3 Ra8 31. f4 Ra3 32. fxe5 dxe5 33. Kf2 Na6
34. Rd3 Kf8 35. Ke3 g6 36. Bf1 Ra4 37. Rd7 Bc6 38. Rxh7 Nxb4 39. Bxe5 Nc2+ 40.
Kd2 Bxe4 41. Bxb5 Ra5 42. Rh8+ Ke7 43. Re8+ Kf7 44. Bc3 Rxb5 45. Rxe4 Na3 46.
Bb4 Rd5+ 47. Kc3 1-0

[Event "GBR-ch"]
[Site "Scarborough"]
[Date "2001.08.07"]
[Round "8"]
[White "Broomfield, Matthew"]
[Black "Pert, Richard"]
[Result "0-1"]
[WhiteElo "2271"]
[BlackElo "2245"]
[PlyCount "132"]
[EventDate "2001.07.30"]

1. c4 e5 2. Nc3 Nf6 3. g3 Bb4 4. Bg2 O-O 5. e4 Bxc3 6. bxc3 Re8 7. Ne2 c6 8. d4
exd4 9. Qxd4 c5 10. Qd3 Nc6 11. Bf4 b6 12. Bd6 Bb7 13. O-O Ne5 14. Bxe5 Rxe5
15. f3 Qc7 16. Nf4 Ba6 17. Rfd1 Rd8 18. h4 h6 19. Kf2 d6 20. Bf1 g5 21. hxg5
hxg5 22. Nd5 Nxd5 23. exd5 Rde8 24. f4 Re4 25. Qf3 Qe7 26. Bd3 Re3 27. Qh5 Qf6
28. Qxg5+ Qxg5 29. fxg5 R8e5 30. a4 Bc8 31. a5 Bg4 32. Rd2 Rf3+ 33. Kg2 Ree3
34. axb6 axb6 35. Ra8+ Kg7 36. Be2 Rxg3+ 37. Kf2 Bxe2 38. Rxe2 Rxe2+ 39. Kxg3
Re3+ 40. Kf4 Rxc3 41. Rd8 Rxc4+ 42. Kf5 b5 43. Rxd6 b4 44. Rb6 Rc3 45. d6 b3
46. Ke5 Rd3 47. g6 Kxg6 48. d7+ Kg7 49. Rd6 Rxd6 50. Kxd6 b2 51. d8=Q b1=Q 52.
Kxc5 Qc1+ 53. Kb5 Qe3 54. Qd7 Kg6 55. Qd6+ f6 56. Qf8 Qb3+ 57. Ka5 Qe6 58. Kb4
f5 59. Qb8 Qe4+ 60. Kc3 Qe3+ 61. Kc2 Kg5 62. Qd8+ Kg4 63. Qd7 Qe4+ 64. Kb2 Kf3
65. Qh7 Kg3 66. Qg6+ Kf2 0-1

[Event "GBR-ch"]
[Site "Scarborough"]
[Date "2001.08.07"]
[Round "8"]
[White "Conlon, Joe"]
[Black "Zhao, Zong-Yuan"]
[Result "0-1"]
[WhiteElo "2191"]
[BlackElo "2359"]
[PlyCount "82"]
[EventDate "2001.07.30"]

1. e4 c5 2. Nf3 Nc6 3. d4 cxd4 4. Nxd4 Nf6 5. Nc3 d6 6. Bb5 Bd7 7. O-O e6 8. f4
Rc8 9. Kh1 Be7 10. Be3 O-O 11. Nf3 a6 12. Bd3 Nb4 13. h3 Bc6 14. g4 d5 15. e5
Ne4 16. Bxe4 dxe4 17. Nd4 Qc7 18. Nxc6 Qxc6 19. a3 Rfd8 20. Qe2 Nd5 21. Nxd5
Rxd5 22. c3 Rcd8 23. Bd4 e3 24. Kg1 Bc5 25. Rad1 Bxd4 26. cxd4 Rxd4 27. Rxd4
Rxd4 28. Qxe3 Qd5 29. Qf3 Qd7 30. Rc1 h5 31. gxh5 Rd2 32. b4 Qd4+ 33. Kf1 Kh7
34. h4 Rd3 35. Qf2 Qd5 36. Qg2 Rf3+ 37. Kg1 Qd4+ 38. Kh1 Qxf4 39. Qc2+ Kh6 40.
Qc4 Rh3+ 41. Kg1 Rg3+ 0-1

[Event "GBR-ch"]
[Site "Scarborough"]
[Date "2001.08.07"]
[Round "8"]
[White "Collins, Sam"]
[Black "Singh, Gurpreet"]
[Result "1/2-1/2"]
[WhiteElo "2194"]
[BlackElo "2302"]
[PlyCount "25"]
[EventDate "2001.07.30"]

1. e4 e6 2. d4 d5 3. e5 c5 4. c3 Nc6 5. Nf3 Bd7 6. Be2 f6 7. O-O fxe5 8. Nxe5
Nxe5 9. dxe5 Qc7 10. c4 Qxe5 11. Bh5+ g6 12. Bf3 O-O-O 13. cxd5 1/2-1/2

[Event "GBR-ch"]
[Site "Scarborough"]
[Date "2001.08.07"]
[Round "8"]
[White "D'Costa, Lorin"]
[Black "Hanley, Craig"]
[Result "1/2-1/2"]
[WhiteElo "2155"]
[BlackElo "2278"]
[PlyCount "37"]
[EventDate "2001.07.30"]

1. d4 e6 2. c4 b6 3. Nc3 Bb7 4. a3 f5 5. Nf3 Nf6 6. g3 g6 7. Bg2 Bg7 8. O-O O-O
9. d5 Na6 10. Rb1 Nc5 11. Nd2 exd5 12. cxd5 Qe7 13. Qc2 Rae8 14. b4 Nce4 15.
Ndxe4 fxe4 16. Bg5 Qe5 17. Bxf6 Bxf6 18. Nxe4 Bxd5 19. Nxf6+ 1/2-1/2

[Event "GBR-ch"]
[Site "Scarborough"]
[Date "2001.08.07"]
[Round "8"]
[White "Waters, Clive L"]
[Black "Buckley, Simon"]
[Result "1/2-1/2"]
[WhiteElo "2147"]
[BlackElo "2268"]
[PlyCount "42"]
[EventDate "2001.07.30"]

1. b3 e5 2. Bb2 Nc6 3. e3 Nf6 4. Bb5 d6 5. Bxc6+ bxc6 6. Ne2 e4 7. d3 exd3 8.
cxd3 c5 9. O-O Be7 10. Nd2 O-O 11. e4 Nd7 12. Nc4 Bf6 13. Bxf6 Qxf6 14. Qd2 Bb7
15. Qf4 Rfe8 16. Qxf6 Nxf6 17. Nc3 Ba6 18. Rfd1 Rab8 19. f3 Re6 20. Ne3 Kf8 21.
Rac1 Nd7 1/2-1/2

[Event "GBR-ch"]
[Site "Scarborough"]
[Date "2001.08.07"]
[Round "8"]
[White "Tan, Desmond"]
[Black "Buckley, David E"]
[Result "1-0"]
[WhiteElo "2253"]
[BlackElo "2172"]
[PlyCount "73"]
[EventDate "2001.07.30"]

1. e4 e6 2. d4 d5 3. Nc3 Nf6 4. Bg5 Bb4 5. exd5 Qxd5 6. Nf3 Ne4 7. Bd2 Bxc3 8.
bxc3 Nxd2 9. Qxd2 b6 10. Be2 Bb7 11. O-O Nd7 12. c4 Qd6 13. Rfd1 O-O 14. Rab1
c5 15. c3 Rfd8 16. Qe3 Ba6 17. Rd2 Qc7 18. Rbd1 Nf6 19. Ne5 Bb7 20. Bf3 Ne8 21.
Bxb7 Qxb7 22. h3 Rac8 23. d5 exd5 24. cxd5 Nd6 25. Qf4 Re8 26. Nc4 Ne4 27. Rd3
b5 28. Na5 Qa6 29. Nc6 Nf6 30. Qd6 Qb7 31. Re3 Ne4 32. Qf4 Nf6 33. Qd6 Ne4 34.
Qf4 Nf6 35. Rde1 Rxe3 36. Qxe3 Kf8 37. Qxc5+ 1-0

[Event "GBR-ch"]
[Site "Scarborough"]
[Date "2001.08.07"]
[Round "8"]
[White "Blackburn, Jonathan LB"]
[Black "Addison, Bret C"]
[Result "1/2-1/2"]
[WhiteElo "2115"]
[BlackElo "2218"]
[PlyCount "81"]
[EventDate "2001.07.30"]

1. d4 Nf6 2. c4 c5 3. d5 b5 4. cxb5 a6 5. e3 axb5 6. Bxb5 Qa5+ 7. Nc3 Bb7 8.
Nge2 Bxd5 9. O-O Bc6 10. a4 e6 11. e4 Be7 12. e5 Ng4 13. Bf4 g5 14. Bg3 h5 15.
Nc1 Qb4 16. Nd3 Qd4 17. Bxc6 dxc6 18. Ne2 Qd7 19. h3 h4 20. hxg4 hxg3 21. Qc2
gxf2+ 22. Nxf2 Qd5 23. Qc3 Nd7 24. Nh3 Qe4 25. Ng3 Qxg4 26. Rad1 Rxa4 27. Qb3
Rb4 28. Qa3 Rb8 29. Rxd7 Kxd7 30. Qa7+ Kc8 31. Rxf7 Qd1+ 32. Nf1 Qd4+ 33. Nf2
Qd7 34. Rxe7 Qxa7 35. Rxa7 Rxb2 36. Ne4 Kb8 37. Ra6 Rc8 38. Nxc5 Rb5 39. Nxe6
Rxe5 40. Nd4 Kb7 41. Ra3 1/2-1/2

[Event "GBR-ch"]
[Site "Scarborough"]
[Date "2001.08.07"]
[Round "8"]
[White "Simons, Martin J"]
[Black "Rudd, Jack"]
[Result "1-0"]
[WhiteElo "2215"]
[BlackElo "2193"]
[PlyCount "53"]
[EventDate "2001.07.30"]

1. Nc3 b6 2. e4 Bb7 3. d4 e6 4. Bd3 Nf6 5. Nge2 d5 6. exd5 Nxd5 7. O-O Bd6 8.
Nxd5 Bxd5 9. Nf4 Bb7 10. Qg4 g6 11. Re1 Nc6 12. d5 Ne5 13. Bb5+ Kf8 14. Nxe6+
fxe6 15. Bh6+ Kg8 16. Rxe5 Qf6 17. Rxe6 Qf7 18. Rae1 Bf8 19. Re8 Bxd5 20. Rxa8
Bxa8 21. Re8 Qxe8 22. Bxe8 Bd5 23. Bxf8 Kxf8 24. Qf4+ Kg8 25. Qxc7 Kf8 26. Qd6+
Kg7 27. Qe5+ 1-0